| 000 | 00656nam a22002177a 4500 | ||
|---|---|---|---|
| 003 | OSt | ||
| 005 | 20220107122719.0 | ||
| 008 | 130817b xxu||||| |||| 00| 0 eng d | ||
| 020 | _a9788123913681 | ||
| 020 | _a8123913680 | ||
| 040 | _cIIITM-K | ||
| 082 | _a547 SHA/O | ||
| 100 |
_aShahi, Ranjeet _91618 |
||
| 245 |
_aFundamentals of organic chemistry: _bWith problems and solutions for IIT-JEE and other competitive examinations _cby Ranjeet Shahi |
||
| 260 |
_aNew Delhi, _bCBS Publications, _c2006. |
||
| 300 | _axx, 561p. | ||
| 650 |
_aCHEMISTRY _91619 |
||
| 650 |
_aORGANIC CHEMISTRY _91620 |
||
| 650 |
_aORGANIC COMPOUNDS _91621 |
||
| 942 |
_2ddc _cBK |
||
| 999 |
_c3197 _d3197 |
||